000 00438nam a2200157Ia 4500
008 130821s1979 ch gr eng
040 _aCo-BoUCM
_bspa
041 0 0 _aeng
100 _aWen, Qi
_9157945
245 0 0 _aChina
_cQi Wen
260 _aPekín (China)
_bLenguas Extranjeras
_c1979
300 _a246 páginas
651 _aChina
_xHistoria
_962805
942 _cLIBRO
_a21
_e1
_mW35
_2DEWEY
_h951
999 _c30017
_d30017